000 00517nam a2200169 4500
001 113456
003 ES-MaACL
007 t|
008 061121s1920 fr r ||||1| fre d
100 0 _aNoailles, Anne Elisabeth de Brancovan,
_cComtesse de
_985795
245 1 4 _aLes forces eternelles /
_cAnne Elisabeth de Brancovan Noailles.
250 _aedition revue et corrigee.
260 _aParis :
_bA. Forgard,
_c1920.
300 _a421 p. ;
_c18 cm.
852 _aES-MaACL
_jG-4604
999 _c113456
_d113456